000 01090 a2200193 4500
001 59175
005 20260407155846.0
008 260407a1988 arg spa d
003 AR-UNSa-BCEJYS
040 _aAR-UNSa-BCEJYS
_bspa
_cAR-UNSa-BCEJYS
080 _a339.9
_xEconomía internacional en general. Relaciones económicas internacionales. Economía mundial
245 1 0 _aDesarrollo industrial e inserción internacional
264 1 _aBuenos Aires :
_bFundación Friedrich Ebert
_c1988
300 _a92 p.
_c21 cm.
505 _a1. Competitividad internacional de la industria: presente y futuro – 2. Sustitución de importaciones, exportaciones industriales y exportaciones agropecuarias. ¿ Verdaderas o falsas antinomias? – 3. El desarrollo industrial y la tecnología – 4. Instrumentos concretos de inserción en la economía mundial: protección y promoción – 5. Instrumentos concretos de inserción en la economía mundial: exportaciones industriales – 6. Resumen y conclusiones
942 _cBK
590 _aniveau_biblio:m niveau_hierar:0
100 1 _aBustos, Pablo
999 _c6605
_d6605